Gordon Wong

Bibliographic Details
Main Author: Švub, Josef (Author)
Format: Article
Language:Slovak
PhysicalDescription:Fotogr.
ISSN:1335-7867
Subjects:

MARC

LEADER 00000nab a2200000 ar4500
001 vtls008849505
003 SK-MaSNL
005 20260303062628.0
008 060927c2006 xo wr|p|||||||000 b|slo
015 |a SNBRB2006/09  |2 snkbucl 
038 |a SNKBUCL 
040 |a SNKBUCL  |b slo  |c SNKBUCL  |e AACR2 
041 0 |a slo 
044 |a xo  |c SK 
080 |a 796.894.071  |2 UDC-MRF-SK2 
080 |a 929 Wong, Gordon  |2 UDC-MRF-SK2 
100 1 |a Švub, Josef  |4 aut  |9 376894 
245 1 0 |a Gordon Wong  |c Josef Švub 
300 |b Fotogr. 
600 1 7 |a Wong, Gordon,  |d 1940-2005  |2 snkbucl  |9 1058665 
650 0 7 |a kulturistika  |2 snkbucl  |9 3254 
773 0 |t Muscle a fitness  |g Roč. XVI, č. 10 (2006), s. 80  |x 1335-7867 
852 |a SNK  |b KIS3GCP 
958 |a BC 
999 |c 1739986  |d 1741916